000 00415nam a2200169Ia 4500
008 230524s9999 xx 000 0 und d
020 _a9788131788226
082 _a511.3
_bRIC
100 _aElaine Rich
245 0 _a"Automata,Computability and Complexity"
250 _a1
260 _aNew Delhi
_bPearson
_c2012
300 _a"XI,1085p;"
500 _aQuantity Number: 1
650 _aComp-Sc
942 _cBK
999 _c56437
_d56437